| 000 | 00554cam a22002291 4500 | ||
|---|---|---|---|
| 001 | ne 63000692 | ||
| 003 | DLC | ||
| 005 | 20260227111743.0 | ||
| 008 | 881026s1962 xx 000 0 ara | ||
| 010 | _ane 63000692 | ||
| 035 | _a(OCoLC)23482269 | ||
| 040 |
_aDLC _cMiU _dDLC |
||
| 042 | _apremarc | ||
| 050 | 0 | 0 |
_aPJ3016 _b.W3 1962 |
| 100 | 1 | _aWāfī, ʻAlī ʻAbd al-Wāḥid | |
| 245 | 1 | 0 | _aFiqh al-lughah. |
| 260 | _c[1962] | ||
| 300 |
_a317 p. _c24 cm. |
||
| 500 | _aRomanized. | ||
| 650 | 0 | _aSemitic languages | |
| 650 | 0 | _aArabic language | |
| 999 |
_c45751 _d45751 |
||